000 00511nam a22001937a 4500
003 NUST-PNEC
005 20170114142451.0
008 140404b xxu||||| |||| 00| 0 eng d
020 _a8178085747
040 _cPNEC
082 _a004.165 MAZ
100 _931
_aMazidi Muhammad Ali
245 _aThe 8051 Microcontroller and Embedded Systems
_cMuhammad Ali Mazidi
260 _bPearson Education
_cc.2000
300 _axi, 435p.
_bill.:
_c24cm
500 _aIncludes index.
650 _xBSMIS
942 _2ddc
_cBK
999 _c59992
_d59992